| 000 | 00705nam a2200205 a 4500 | ||
|---|---|---|---|
| 001 | 000014684 | ||
| 005 | 20200929163903.0 | ||
| 008 | 100118s1971 gt 000 j spa d | ||
| 040 |
_aDO-SdBNP _bspa _cBNPHU |
||
| 082 |
_aG863.44 _bM491c |
||
| 100 | 1 |
_aMedina Ruiz, Fernando, _d1922- _933283 |
|
| 245 | 1 | 0 |
_aCharlas del caminante : _btodos los cuentos / _cFernando Medina Ruiz. |
| 260 |
_aGuatemala : _bJosé de Pineda Ibarra, _c1971. |
||
| 300 |
_a217, [6] p. ; _c21 cm. |
||
| 490 | 0 |
_aContemporáneos _v94 |
|
| 650 | 4 |
_aCuentos guatemaltecos _915066 |
|
| 650 | 4 |
_aLiteratura guatemalteca _ySIGLO XX _924228 |
|
| 650 | 4 |
_aLiteratura guatemalteca _xColecciones _933284 |
|
| 830 | 0 |
_aContemporáneos ; _n94 _933285 |
|
| 999 |
_c14268 _d14268 |
||